| 000 | 00964nam a2200277 a 4500 | ||
|---|---|---|---|
| 999 |
_c22393 _d22393 |
||
| 001 | 2557260 | ||
| 003 | OSt | ||
| 005 | 20200515090739.0 | ||
| 008 | 940908s1994 ii abf b 001 0 eng | ||
| 010 | _a 94904551 | ||
| 020 |
_a8120716019 : _cRs295.00 |
||
| 025 | _aI-E-74360 | ||
| 040 |
_aDLC _coclc |
||
| 042 | _alcode | ||
| 050 | 0 | 0 |
_aBP187.3 _b.P39 1994 |
| 082 |
_a297.3 _bPEA/P |
||
| 100 |
_aPearson, M N _q(Michael Naylor), _d1941- _92275 |
||
| 245 | 1 | 0 |
_aPious passengers : _bthe Hajj in earlier times / _cM.N. Pearson. |
| 260 |
_aNew Delhi : _bSterling Publishers, _cc1994. |
||
| 300 |
_axii, 217 p., [4] p. of plates : _bill., map ; _c22 cm. |
||
| 504 | _aIncludes bibliographical references (p. [188]-211) and index. | ||
| 650 | 0 |
_aHistory & geography _vIslamic History _92271 |
|
| 906 |
_a7 _bcbc _corigode _d3 _encip _f19 _gy-gencatlg |
||
| 942 |
_2ddc _cBK _h297.3 _iPEA/P _k297.3 _mPEA/P |
||